[Event "Montcalm op 7 2011-12"]
[Site "Quebec CAN"]
[Date "2012.05.24"]
[Round "5"]
[White "Bourassa, Andre"]
[Black "Bleau, John"]
[Result "0-1"]
[WhiteElo "1768"]
[BlackElo "1967"]
[PlyCount "130"]
[GameId "2160767909509610"]
[EventDate "2012.04.26"]
[EventType "swiss"]
[EventRounds "5"]
[EventCountry "CAN"]
[SourceTitle "EXT 2022"]
[Source "ChessBase"]
[SourceDate "2021.10.06"]
[SourceVersion "1"]
[SourceVersionDate "2021.10.06"]
[SourceQuality "1"]

1. d4 d5 2. c4 e6 3. Nc3 c6 4. e3 Nd7 5. Nf3 f5 6. Ne5 Ngf6 7. Bd3 Bd6 8. f4 O-O 9. cxd5 Nxd5 10. O-O N7f6 11. Qb3 Qb6 12. Qxb6 axb6 13. a3 b5 14. Bd2 Bc7 15. Bc2 Rd8 16. Nxd5 Nxd5 17. Rfd1 Bb6 18. Nf3 Bc7 19. Kf2 Bd7 20. Bb3 Be8 21. Bxd5 exd5 22. Bb4 Bh5 23. Rd2 Bxf3 24. Kxf3 Bd6 25. Bc5 Bxc5 26. dxc5 Re8 27. Rd4 Re7 28. Rad1 Kf7 29. R1d3 Re4 30. Rb3 Ra4 31. Rbb4 Rxb4 32. Rxb4 Ke6 33. Rd4 h5 34. h4 Kd7 35. b3 Kc7 36. Ke2 b6 37. b4 Re8 38. cxb6+ Kxb6 39. Kd2 Re6 40. Ke2 Rg6 41. Kf3 Re6 42. Ke2 Re8 43. Kd2 Ra8 44. Rd3 Kc7 45. Rc3 Kd6 46. Kd3 Re8 47. g3 Re6 48. Rc1 Re4 49. Rc2 Kc7 50. Rc3 Kb6 51. Rc2 Rc4 52. Rc3 Ka6 53. Rc2 Kb6 54. Rc3 c5 55. Rxc4 dxc4+ 56. Kc3 cxb4+ 57. Kxb4 Kc6 58. a4 bxa4 59. Kxa4 Kd5 60. Kb4 Ke4 61. Kxc4 Kxe3 62. Kd5 Kf3 63. Ke6 g6 64. Kf6 Kxg3 65. Kxg6 Kg4 0-1

[Event "Montreal CC-ch"]
[Site "Montreal CAN"]
[Date "2012.06.15"]
[Round "1"]
[White "Chiku-Ratte, Olivier-Kenta"]
[Black "Kartobi, Youcef"]
[Result "1-0"]
[WhiteElo "2184"]
[BlackElo "1387"]
[PlyCount "45"]
[GameId "2160767909509120"]
[EventDate "2012.06.15"]
[EventType "swiss"]
[EventRounds "5"]
[EventCountry "CAN"]
[SourceTitle "EXT 2022"]
[Source "ChessBase"]
[SourceDate "2021.10.06"]
[SourceVersion "1"]
[SourceVersionDate "2021.10.06"]
[SourceQuality "1"]

1. d4 d5 2. c4 e6 3. Nc3 Nf6 4. cxd5 exd5 5. Bg5 c6 6. Qc2 Be7 7. e3 Nbd7 8. Bd3 Nf8 9. Nf3 Ne6 10. Bh4 g6 11. O-O Ng7 12. Qb3 O-O 13. h3 Nge8 14. Ne5 Nd6 15. Rab1 Nfe4 16. Bxe7 Qxe7 17. Qc2 Nf6 18. b4 Bd7 19. Na4 Rfc8 20. Nc5 Be8 21. Rfc1 Rc7 22. Qb2 a6 23. a4 1-0

[Event "Montreal CC-ch"]
[Site "Montreal CAN"]
[Date "2012.06.15"]
[Round "1"]
[White "Gagnon, Serge"]
[Black "Bonneville-Roussy, Didier"]
[Result "1-0"]
[WhiteElo "2019"]
[BlackElo "1348"]
[PlyCount "57"]
[GameId "2160767909509121"]
[EventDate "2012.06.15"]
[EventType "swiss"]
[EventRounds "5"]
[EventCountry "CAN"]
[SourceTitle "EXT 2022"]
[Source "ChessBase"]
[SourceDate "2021.10.06"]
[SourceVersion "1"]
[SourceVersionDate "2021.10.06"]
[SourceQuality "1"]

1. d4 Nf6 2. c4 e6 3. Nc3 Bb4 4. e3 d5 5. Nge2 O-O 6. a3 Be7 7. Nf4 Re8 8. b4 c6 9. Bd3 dxc4 10. Bxc4 Nbd7 11. Bxe6 fxe6 12. Nxe6 Qb6 13. Qb3 Kh8 14. Na4 Qb5 15. Nc7 Qg5 16. O-O Rf8 17. Nxa8 Bd6 18. f4 Qg4 19. Nc3 Nh5 20. Ne4 Bb8 21. Ng5 h6 22. Nf3 Ndf6 23. Ne5 Qf5 24. a4 Be6 25. Qb1 Ne4 26. g4 Qf6 27. Qxe4 Bd5 28. Ng6+ Kg8 29. Ne7+ 1-0

[Event "Montreal CC-ch"]
[Site "Montreal CAN"]
[Date "2012.06.15"]
[Round "1"]
[White "Gauthier, Denis"]
[Black "Dimitrov, Dimitar1"]
[Result "1-0"]
[WhiteElo "1972"]
[BlackElo "1285"]
[PlyCount "27"]
[GameId "2160767909509122"]
[EventDate "2012.06.15"]
[EventType "swiss"]
[EventRounds "5"]
[EventCountry "CAN"]
[SourceTitle "EXT 2022"]
[Source "ChessBase"]
[SourceDate "2021.10.06"]
[SourceVersion "1"]
[SourceVersionDate "2021.10.06"]
[SourceQuality "1"]

1. d4 Nf6 2. c4 d5 3. cxd5 Nxd5 4. Nf3 Bf5 5. g3 Nc6 6. Bg2 Ncb4 7. Na3 c5 8. O-O Qd7 9. Ne5 Qc7 10. e4 cxd4 11. Qxd4 Nc2 12. Nxc2 Qxc2 13. Qxd5 Rd8 14. Qxf7# 1-0

[Event "Montreal CC-ch"]
[Site "Montreal CAN"]
[Date "2012.06.15"]
[Round "1"]
[White "Morin, Louis"]
[Black "Johnson-Constantin, Mathieu"]
[Result "1-0"]
[WhiteElo "1820"]
[BlackElo "1228"]
[PlyCount "36"]
[GameId "2160767909509123"]
[EventDate "2012.06.15"]
[EventType "swiss"]
[EventRounds "5"]
[EventCountry "CAN"]
[SourceTitle "EXT 2022"]
[Source "ChessBase"]
[SourceDate "2021.10.06"]
[SourceVersion "1"]
[SourceVersionDate "2021.10.06"]
[SourceQuality "1"]

1. e4 c5 2. d4 cxd4 3. c3 dxc3 4. Nxc3 Nc6 5. Nf3 d6 6. Bc4 Nf6 7. e5 dxe5 8. Qxd8+ Kxd8 9. Ng5 Na5 10. Bxf7 Nc6 11. Bb3 Kc7 12. Nf7 Rg8 13. Nxe5 Nxe5 14. Bf4 Rh8 15. Bxe5+ Kc6 16. Rc1 b6 17. Nd5+ Kd7 18. Ba4+ Ke6 1-0

[Event "Montreal CC-ch"]
[Site "Montreal CAN"]
[Date "2012.06.15"]
[Round "1"]
[White "Plante, Santiago"]
[Black "Tremblay, Alain"]
[Result "0-1"]
[WhiteElo "1355"]
[BlackElo "2096"]
[PlyCount "68"]
[GameId "2160767909509124"]
[EventDate "2012.06.15"]
[EventType "swiss"]
[EventRounds "5"]
[EventCountry "CAN"]
[SourceTitle "EXT 2022"]
[Source "ChessBase"]
[SourceDate "2021.10.06"]
[SourceVersion "1"]
[SourceVersionDate "2021.10.06"]
[SourceQuality "1"]

1. d4 d5 2. c4 e6 3. Nc3 c5 4. cxd5 exd5 5. Nf3 Nc6 6. Bf4 Nf6 7. e3 c4 8. h3 Bb4 9. a3 Ba5 10. Qc2 h6 11. Be2 b5 12. O-O a6 13. Ne5 Qb6 14. Bf3 Be6 15. Ng6 fxg6 16. Qxg6+ Kf8 17. Bd6+ Kg8 18. Bxd5 Bxd5 19. Nxd5 Qd8 20. Nxf6+ Qxf6 21. Qg3 Re8 22. Bc5 Kh7 23. Qg4 Qg6 24. Qe2 Bc7 25. a4 Qe6 26. axb5 axb5 27. Ra6 Qd5 28. Qc2+ g6 29. Rfa1 Rhg8 30. Rb1 Rg7 31. Qc3 Qf5 32. Rba1 Rf7 33. Rf1 Qd5 34. Bb6 Nb8 0-1

[Event "Montreal CC-ch"]
[Site "Montreal CAN"]
[Date "2012.06.15"]
[Round "1"]
[White "Raduica, Gheorghe"]
[Black "Levkovsky, Alexandre"]
[Result "0-1"]
[WhiteElo "1406"]
[BlackElo "2262"]
[PlyCount "58"]
[GameId "2160767909509125"]
[EventDate "2012.06.15"]
[EventType "swiss"]
[EventRounds "5"]
[EventCountry "CAN"]
[SourceTitle "EXT 2022"]
[Source "ChessBase"]
[SourceDate "2021.10.06"]
[SourceVersion "1"]
[SourceVersionDate "2021.10.06"]
[SourceQuality "1"]

1. c4 e5 2. e3 Nf6 3. h3 c6 4. Ne2 d5 5. cxd5 cxd5 6. Qa4+ Nc6 7. a3 Be7 8. d4 e4 9. Bd2 O-O 10. Ng3 Qb6 11. b4 h5 12. Be2 g6 13. b5 Nb8 14. Ba5 Qe6 15. Bb4 Nbd7 16. Nc3 Nb6 17. Qb3 Bd7 18. a4 Bxb4 19. Qxb4 Rfc8 20. Nf1 a5 21. bxa6 bxa6 22. Nd2 Qc6 23. Nd1 Nxa4 24. O-O Qc2 25. Re1 a5 26. Qe7 Qxd2 27. Kf1 Kg7 28. g4 hxg4 29. hxg4 Rh8 0-1

[Event "Montreal CC-ch"]
[Site "Montreal CAN"]
[Date "2012.06.15"]
[Round "1"]
[White "Saha, Ananda"]
[Black "Caceres Cortes, Julio"]
[Result "0-1"]
[WhiteElo "1321"]
[BlackElo "2018"]
[PlyCount "100"]
[GameId "2160767909509126"]
[EventDate "2012.06.15"]
[EventType "swiss"]
[EventRounds "5"]
[EventCountry "CAN"]
[SourceTitle "EXT 2022"]
[Source "ChessBase"]
[SourceDate "2021.10.06"]
[SourceVersion "1"]
[SourceVersionDate "2021.10.06"]
[SourceQuality "1"]

1. d4 Nf6 2. c4 e6 3. Nc3 Bb4 4. Bg5 h6 5. Bh4 c5 6. e3 Qa5 7. Qc2 Ne4 8. Nge2 d5 9. a3 Nc6 10. Rc1 Bxc3+ 11. Nxc3 O-O 12. f3 Nxc3 13. Qxc3 cxd4 14. Qxa5 Nxa5 15. exd4 dxc4 16. Bxc4 b6 17. b4 Nxc4 18. Rxc4 Ba6 19. Rc1 Rfc8 20. Kd2 Bc4 21. Rc3 b5 22. Re1 f6 23. g4 Rd8 24. Ke3 a5 25. f4 axb4 26. axb4 Ra2 27. Bg3 Rb2 28. f5 exf5 29. gxf5 Rxb4 30. Rg1 Re8+ 31. Kf4 Bd5 32. Bf2 Re4+ 33. Kg3 Re2 34. Re3 Rc2 35. Rge1 Rbb2 36. Bg1 Kh7 37. Rf1 b4 38. Rf2 b3 39. Rf1 Ra2 40. Rb1 b2 41. Ree1 Ra3+ 42. Kf4 Rf3+ 43. Kg4 Rg2+ 44. Kh4 Rf4+ 45. Kh3 Rxf5 46. Kh4 g5+ 47. Kh3 Rf4 48. Re7+ Kg6 49. Bf2 Rh4+ 50. Bxh4 g4# 0-1

[Event "Montreal CC-ch"]
[Site "Montreal CAN"]
[Date "2012.06.16"]
[Round "2"]
[White "Baran, Marius"]
[Black "Chiku-Ratte, Olivier-Kenta"]
[Result "0-1"]
[WhiteElo "1788"]
[BlackElo "2184"]
[PlyCount "40"]
[GameId "2160767909509127"]
[EventDate "2012.06.15"]
[EventType "swiss"]
[EventRounds "5"]
[EventCountry "CAN"]
[SourceTitle "EXT 2022"]
[Source "ChessBase"]
[SourceDate "2021.10.06"]
[SourceVersion "1"]
[SourceVersionDate "2021.10.06"]
[SourceQuality "1"]

1. d4 Nf6 2. c4 c5 3. e3 g6 4. Nf3 Bg7 5. Nc3 O-O 6. Bd3 cxd4 7. exd4 d5 8. c5 b6 9. b4 a5 10. Ba3 axb4 11. Bxb4 Nc6 12. a3 Bg4 13. Be2 Ne4 14. Nb5 bxc5 15. Rc1 cxb4 16. Rxc6 bxa3 17. Nc7 Rc8 18. Qc2 Bd7 19. Ba6 Bxc6 20. Bxc8 Qxc7 0-1

[Event "Montreal CC-ch"]
[Site "Montreal CAN"]
[Date "2012.06.16"]
[Round "2"]
[White "Caceres Cortes, Julio"]
[Black "Cote, Philippe"]
[Result "1-0"]
[WhiteElo "2018"]
[BlackElo "1657"]
[PlyCount "37"]
[GameId "2160767909509128"]
[EventDate "2012.06.15"]
[EventType "swiss"]
[EventRounds "5"]
[EventCountry "CAN"]
[SourceTitle "EXT 2022"]
[Source "ChessBase"]
[SourceDate "2021.10.06"]
[SourceVersion "1"]
[SourceVersionDate "2021.10.06"]
[SourceQuality "1"]

1. e4 d6 2. d4 Nf6 3. Nc3 g6 4. f4 Bg7 5. Nf3 c5 6. Bb5+ Bd7 7. e5 Ng4 8. Ng5 Bxb5 9. Qxg4 Bd7 10. e6 fxe6 11. Nxh7 Rxh7 12. Qxg6+ Kf8 13. Qxh7 cxd4 14. f5 Qa5 15. O-O exf5 16. Bh6 Qe5 17. Rae1 Qf6 18. Qh8+ Kf7 19. Bxg7 1-0

[Event "Montreal CC-ch"]
[Site "Montreal CAN"]
[Date "2012.06.16"]
[Round "2"]
[White "Grenier, Marcel jr"]
[Black "Morin, Louis"]
[Result "0-1"]
[WhiteElo "1250"]
[BlackElo "1820"]
[PlyCount "70"]
[GameId "2160767909509129"]
[EventDate "2012.06.15"]
[EventType "swiss"]
[EventRounds "5"]
[EventCountry "CAN"]
[SourceTitle "EXT 2022"]
[Source "ChessBase"]
[SourceDate "2021.10.06"]
[SourceVersion "1"]
[SourceVersionDate "2021.10.06"]
[SourceQuality "1"]

1. e4 d5 2. exd5 Nf6 3. Nf3 Bg4 4. d4 Qxd5 5. Nc3 Qh5 6. Be2 Nc6 7. Be3 O-O-O 8. h3 e5 9. O-O exd4 10. Nxd4 Nxd4 11. Bxg4+ Nxg4 12. Qxg4+ Qxg4 13. hxg4 Nxc2 14. Rad1 Nxe3 15. Rxd8+ Kxd8 16. fxe3 f6 17. Rd1+ Bd6 18. Nb5 Ke7 19. Nxd6 cxd6 20. Rc1 Kd7 21. Kf2 Rc8 22. Rxc8 Kxc8 23. Kf3 d5 24. Kf4 Kd7 25. Kf5 Ke7 26. Kf4 Ke6 27. a4 a5 28. b3 b6 29. g3 h6 30. Kf3 f5 31. Kf4 fxg4 32. Kxg4 Ke5 33. Kf3 h5 34. Ke2 Ke4 35. Kf2 g5 0-1

[Event "Montreal CC-ch"]
[Site "Montreal CAN"]
[Date "2012.06.16"]
[Round "2"]
[White "Johnson, Nicholas1"]
[Black "Gagnon, Serge"]
[Result "0-1"]
[WhiteElo "1751"]
[BlackElo "2019"]
[PlyCount "60"]
[GameId "2160767909509130"]
[EventDate "2012.06.15"]
[EventType "swiss"]
[EventRounds "5"]
[EventCountry "CAN"]
[SourceTitle "EXT 2022"]
[Source "ChessBase"]
[SourceDate "2021.10.06"]
[SourceVersion "1"]
[SourceVersionDate "2021.10.06"]
[SourceQuality "1"]

1. c4 e5 2. g3 f5 3. Bg2 Nf6 4. Nc3 d6 5. d3 Be7 6. Nf3 O-O 7. O-O Nbd7 8. b4 a5 9. b5 Nc5 10. a4 Kh8 11. Ba3 Ne6 12. e3 g5 13. d4 e4 14. Nd2 g4 15. d5 Ng5 16. Ne2 Nd7 17. Bb2+ Bf6 18. Nd4 Ne5 19. Ra3 Qe8 20. Qa1 Kg7 21. Ne2 Qh5 22. Nf4 Qh6 23. c5 Nef3+ 24. Bxf3 exf3 25. Bxf6+ Rxf6 26. cxd6 Nh3+ 27. Kh1 Nxf4 28. gxf4 cxd6 29. Rg1 Kf7 30. Rc3 Qxh2+ 0-1

[Event "Montreal CC-ch"]
[Site "Montreal CAN"]
[Date "2012.06.16"]
[Round "2"]
[White "Levkovsky, Alexandre"]
[Black "Gauthier, Luc"]
[Result "1-0"]
[WhiteElo "2262"]
[BlackElo "1759"]
[PlyCount "69"]
[GameId "2160767909509131"]
[EventDate "2012.06.15"]
[EventType "swiss"]
[EventRounds "5"]
[EventCountry "CAN"]
[SourceTitle "EXT 2022"]
[Source "ChessBase"]
[SourceDate "2021.10.06"]
[SourceVersion "1"]
[SourceVersionDate "2021.10.06"]
[SourceQuality "1"]

1. e4 Nf6 2. e5 Nd5 3. c4 Nb6 4. d4 d6 5. Nf3 dxe5 6. Nxe5 g6 7. Be2 Bg7 8. f4 O-O 9. O-O N8d7 10. Nc3 c5 11. dxc5 Nxc5 12. Be3 Nbd7 13. Nxd7 Nxd7 14. Qb3 Qa5 15. Rad1 Nc5 16. Qb5 Bxc3 17. bxc3 Qxb5 18. cxb5 b6 19. Bxc5 bxc5 20. Rd5 Be6 21. Rxc5 Rfc8 22. Rxc8+ Rxc8 23. Rc1 Bc4 24. Kf2 Rc5 25. Bxc4 Rxc4 26. Ke3 Kf8 27. g3 Ke8 28. Kd3 Ra4 29. Rc2 Kd7 30. c4 Ra3+ 31. Kd4 Ra4 32. Kc3 Ra3+ 33. Kb4 Re3 34. Rc3 Re2 35. Ra3 1-0

[Event "Montreal CC-ch"]
[Site "Montreal CAN"]
[Date "2012.06.16"]
[Round "2"]
[White "Nantel, Felix"]
[Black "Gauthier, Denis"]
[Result "0-1"]
[WhiteElo "1626"]
[BlackElo "1972"]
[PlyCount "90"]
[GameId "2160767909509132"]
[EventDate "2012.06.15"]
[EventType "swiss"]
[EventRounds "5"]
[EventCountry "CAN"]
[SourceTitle "EXT 2022"]
[Source "ChessBase"]
[SourceDate "2021.10.06"]
[SourceVersion "1"]
[SourceVersionDate "2021.10.06"]
[SourceQuality "1"]

1. d4 Nf6 2. c4 e6 3. Nc3 Bb4 4. Qc2 O-O 5. e4 c5 6. dxc5 Nc6 7. Nf3 Bxc5 8. Bg5 h6 9. Bh4 d6 10. Be2 Ne5 11. O-O Ng6 12. Bg3 Nh5 13. a3 Nxg3 14. hxg3 a6 15. b4 Ba7 16. Rad1 Qe7 17. Rd2 Rd8 18. Rfd1 Bb6 19. Qd3 Bc7 20. Qe3 Bd7 21. Rd3 b6 22. Qd2 Bc6 23. Nd4 Bb7 24. f4 Rac8 25. Bf3 Ba8 26. b5 a5 27. a4 Qf6 28. Nc6 Re8 29. Qe3 Ne7 30. e5 dxe5 31. fxe5 Qg6 32. Nxe7+ Rxe7 33. Bxa8 Rxa8 34. Rd7 Rae8 35. c5 Qf5 36. cxb6 Bxe5 37. b7 Rxd7 38. Rxd7 Bb8 39. Ne4 Qe5 40. Qd4 Qxd4+ 41. Rxd4 Ba7 42. Nd6 Bxd4+ 43. Kh2 Rb8 44. Nc4 Bc3 45. Nd6 Bb4 0-1

[Event "Montreal CC-ch"]
[Site "Montreal CAN"]
[Date "2012.06.16"]
[Round "2"]
[White "Tremblay, Alain"]
[Black "Leung, Chin"]
[Result "1-0"]
[WhiteElo "2096"]
[BlackElo "1712"]
[PlyCount "119"]
[GameId "2160767909509133"]
[EventDate "2012.06.15"]
[EventType "swiss"]
[EventRounds "5"]
[EventCountry "CAN"]
[SourceTitle "EXT 2022"]
[Source "ChessBase"]
[SourceDate "2021.10.06"]
[SourceVersion "1"]
[SourceVersionDate "2021.10.06"]
[SourceQuality "1"]

1. d4 e6 2. c4 f5 3. Nf3 Nf6 4. g3 b6 5. Bg2 Bb7 6. O-O Be7 7. d5 Na6 8. Nd4 Bc5 9. Nc3 Nb4 10. Nb3 Bd6 11. a3 Na6 12. Nd4 Be5 13. e4 Nc5 14. Be3 Bxd4 15. Bxd4 Ncxe4 16. Nxe4 fxe4 17. Bxf6 Qxf6 18. Bxe4 O-O 19. Qd3 exd5 20. Bxh7+ Kh8 21. cxd5 Qxb2 22. Rae1 Qf6 23. Re4 g5 24. Re3 a5 25. Qc2 Bxd5 26. Rfe1 Be6 27. Be4 Rae8 28. Rf3 Qe5 29. Rfe3 Qf6 30. Rf3 Qe5 31. Rfe3 Qc5 32. Qb2+ Kg8 33. Rc1 Rxf2 34. Kxf2 Rf8+ 35. Ke2 Bc4+ 36. Rxc4 Qxc4+ 37. Bd3 Qf7 38. Kd2 Qd5 39. Qc3 b5 40. a4 Qa2+ 41. Bc2 bxa4 42. Re2 Qd5+ 43. Kc1 Rf3 44. Re3 Rf1+ 45. Kb2 Rf8 46. Re5 Rb8+ 47. Ka3 Qd6+ 48. Ka2 Kf7 49. Bxa4 Rb4 50. Bb3+ Kg6 51. Bc2+ Kh6 52. Qe3 Qf6 53. h4 Qf7+ 54. Bb3 Ra4+ 55. Kb2 Rb4 56. Rxg5 Qf6+ 57. Re5+ Kg7 58. Ka3 Qd6 59. Qg5+ Kf8 60. Qg8# 1-0

[Event "Montreal CC-ch"]
[Site "Montreal CAN"]
[Date "2012.06.16"]
[Round "3"]
[White "Ber, Alexandre"]
[Black "Giroux, Robert"]
[Result "1-0"]
[WhiteElo "1693"]
[BlackElo "1891"]
[PlyCount "65"]
[GameId "2160767909509134"]
[EventDate "2012.06.15"]
[EventType "swiss"]
[EventRounds "5"]
[EventCountry "CAN"]
[SourceTitle "EXT 2022"]
[Source "ChessBase"]
[SourceDate "2021.10.06"]
[SourceVersion "1"]
[SourceVersionDate "2021.10.06"]
[SourceQuality "1"]

1. d4 g6 2. c4 Bg7 3. Nc3 c5 4. d5 d6 5. g3 Bxc3+ 6. bxc3 f5 7. Bg2 Qa5 8. Qc2 Nd7 9. e4 Ne5 10. f4 Nxc4 11. Bf1 Nb6 12. Bd2 Qa4 13. Qxa4+ Nxa4 14. e5 a6 15. c4 b5 16. cxb5 Bb7 17. bxa6 Bxa6 18. Bxa6 Rxa6 19. Nf3 Nh6 20. e6 O-O 21. h3 Rb8 22. Ke2 Rb2 23. Kd3 Nb6 24. Rhb1 Ra3+ 25. Bc3 Nxd5 26. Rxb2 Rxc3+ 27. Ke2 Re3+ 28. Kf2 Rxe6 29. Ng5 Rf6 30. Re1 Nb4 31. Rb3 Nc6 32. Rb6 d5 33. Rxe7 1-0

[Event "Montreal CC-ch"]
[Site "Montreal CAN"]
[Date "2012.06.16"]
[Round "3"]
[White "Chiku-Ratte, Olivier-Kenta"]
[Black "Caceres Cortes, Julio"]
[Result "1-0"]
[WhiteElo "2184"]
[BlackElo "2018"]
[PlyCount "67"]
[GameId "2160767909509135"]
[EventDate "2012.06.15"]
[EventType "swiss"]
[EventRounds "5"]
[EventCountry "CAN"]
[SourceTitle "EXT 2022"]
[Source "ChessBase"]
[SourceDate "2021.10.06"]
[SourceVersion "1"]
[SourceVersionDate "2021.10.06"]
[SourceQuality "1"]

1. d4 Nf6 2. c4 g6 3. Nc3 Bg7 4. e4 d6 5. f4 O-O 6. Nf3 c5 7. d5 e6 8. Be2 exd5 9. cxd5 Re8 10. Nd2 a6 11. a4 Nbd7 12. O-O Qc7 13. Kh1 Rb8 14. Ra2 c4 15. e5 dxe5 16. Nxc4 e4 17. f5 Ng4 18. Bf4 Qc5 19. Bxg4 Qxc4 20. Be2 Qc5 21. Bxb8 Nxb8 22. f6 Bf8 23. a5 Bd6 24. Ra4 Qe3 25. Qc1 Qxc1 26. Rxc1 Be5 27. Nxe4 Bf5 28. Bf3 Nd7 29. Rb4 Bxe4 30. Bxe4 Nxf6 31. Bf3 Re7 32. d6 Bxd6 33. Rxb7 Re5 34. Rb6 1-0

[Event "Montreal CC-ch"]
[Site "Montreal CAN"]
[Date "2012.06.16"]
[Round "3"]
[White "Gagnon, Serge"]
[Black "Lacroix, Serge"]
[Result "1-0"]
[WhiteElo "2019"]
[BlackElo "1830"]
[PlyCount "71"]
[GameId "2160767909509136"]
[EventDate "2012.06.15"]
[EventType "swiss"]
[EventRounds "5"]
[EventCountry "CAN"]
[SourceTitle "EXT 2022"]
[Source "ChessBase"]
[SourceDate "2021.10.06"]
[SourceVersion "1"]
[SourceVersionDate "2021.10.06"]
[SourceQuality "1"]

1. d4 Nf6 2. c4 g6 3. Nc3 d5 4. Nf3 Bg7 5. Bf4 O-O 6. e3 Bg4 7. cxd5 Nxd5 8. Nxd5 Qxd5 9. Bxc7 Na6 10. Bxa6 bxa6 11. O-O Qb7 12. Bf4 Qxb2 13. h3 Be6 14. Qd3 Rfc8 15. Rfb1 Qc2 16. Qxa6 Bd5 17. Qb5 Qe4 18. Bg3 h6 19. Rb2 Bc6 20. Qe2 a6 21. Rc1 Bb5 22. Qd2 Bd7 23. Ne1 Bb5 24. Rbc2 Rxc2 25. Rxc2 Rd8 26. Qa5 Rd7 27. a4 Bd3 28. Rc8+ Kh7 29. Qc3 Be2 30. f3 Qb7 31. Rb8 Qd5 32. Qc8 g5 33. Qc2+ f5 34. Qxe2 f4 35. Qc2+ Qe4 36. Qxe4# 1-0

[Event "Montreal CC-ch"]
[Site "Montreal CAN"]
[Date "2012.06.16"]
[Round "3"]
[White "Gauthier, Denis"]
[Black "Levkovsky, Alexandre"]
[Result "0-1"]
[WhiteElo "1972"]
[BlackElo "2262"]
[PlyCount "72"]
[GameId "2160767909509137"]
[EventDate "2012.06.15"]
[EventType "swiss"]
[EventRounds "5"]
[EventCountry "CAN"]
[SourceTitle "EXT 2022"]
[Source "ChessBase"]
[SourceDate "2021.10.06"]
[SourceVersion "1"]
[SourceVersionDate "2021.10.06"]
[SourceQuality "1"]

1. d4 Nf6 2. c4 e6 3. Nf3 Bb4+ 4. Nbd2 d5 5. Qa4+ Nc6 6. e3 O-O 7. Bd3 dxc4 8. Bxc4 a6 9. Qc2 Bd6 10. a3 e5 11. d5 Ne7 12. e4 c6 13. dxc6 Nxc6 14. O-O Bg4 15. b4 Rc8 16. Qb3 b5 17. Be2 Bxf3 18. Qxf3 Nd4 19. Qd3 Bb8 20. Bd1 Qe7 21. Nb3 Rfd8 22. Nxd4 Rxd4 23. Qh3 Rcd8 24. Be3 Rxe4 25. Bb3 Ba7 26. Bg5 h6 27. Bh4 g5 28. Bg3 Kg7 29. Qf5 Qd7 30. Qf3 g4 31. Qc3 Bd4 32. Qc2 Bxa1 33. Rxa1 Qd2 34. Qb1 Re2 35. Qf1 Qd3 36. Bd1 Rd2 0-1

[Event "Montreal CC-ch"]
[Site "Montreal CAN"]
[Date "2012.06.16"]
[Round "3"]
[White "Lopez Linares, Lizandro"]
[Black "Millette, Sylvain"]
[Result "1-0"]
[WhiteElo "2080"]
[BlackElo "1667"]
[PlyCount "125"]
[GameId "2160767909509138"]
[EventDate "2012.06.15"]
[EventType "swiss"]
[EventRounds "5"]
[EventCountry "CAN"]
[SourceTitle "EXT 2022"]
[Source "ChessBase"]
[SourceDate "2021.10.06"]
[SourceVersion "1"]
[SourceVersionDate "2021.10.06"]
[SourceQuality "1"]

1. d4 Nf6 2. Nf3 g6 3. Bf4 d5 4. e3 Bg7 5. h3 c5 6. c3 cxd4 7. exd4 O-O 8. Bd3 b6 9. Qe2 Bb7 10. Nbd2 a5 11. a4 Na6 12. O-O Nc7 13. Rfe1 e6 14. Ne5 Ba6 15. Bb5 Bxb5 16. axb5 Nce8 17. Nc6 Qd7 18. Nf3 Rc8 19. Nfe5 Qb7 20. Nd3 Ne4 21. b4 Nxc3 22. Qb2 Nxb5 23. Nce5 axb4 24. Qxb4 Nbd6 25. Rab1 Nc4 26. Nc5 Qe7 27. Ncd7 Qxb4 28. Rxb4 Ned6 29. Nxf8 Bxf8 30. Nd7 Nf5 31. Nxf8 Kxf8 32. Be3 Nfxe3 33. fxe3 Ra8 34. e4 Rd8 35. Kf2 Ra8 36. exd5 exd5 37. Rb5 Rd8 38. Kg3 h6 39. Kf4 g5+ 40. Kg4 f5+ 41. Kh5 Rd6 42. Rf1 Ne3 43. Rf3 Nxg2 44. Rxf5+ Kg7 45. Re5 Nf4+ 46. Kg4 Kg6 47. Re8 h5+ 48. Kg3 Kf7 49. Re5 Kf6 50. h4 Ne6 51. hxg5+ Nxg5 52. Rbxd5 Rxd5 53. Rxd5 Ne6 54. Kf3 h4 55. Ke3 h3 56. Rh5 Ng5 57. Kf4 Ne6+ 58. Ke4 Ng5+ 59. Kd5 b5 60. Rh4 b4 61. Kc4 b3 62. Kxb3 Ke6 63. Kc4 1-0

[Event "Montreal CC-ch"]
[Site "Montreal CAN"]
[Date "2012.06.16"]
[Round "3"]
[White "Morin, Louis"]
[Black "Tremblay, Alain"]
[Result "1/2-1/2"]
[WhiteElo "1820"]
[BlackElo "2096"]
[PlyCount "109"]
[GameId "2160767909509139"]
[EventDate "2012.06.15"]
[EventType "swiss"]
[EventRounds "5"]
[EventCountry "CAN"]
[SourceTitle "EXT 2022"]
[Source "ChessBase"]
[SourceDate "2021.10.06"]
[SourceVersion "1"]
[SourceVersionDate "2021.10.06"]
[SourceQuality "1"]

1. e4 e5 2. Nf3 Nc6 3. Bc4 d6 4. Nc3 g6 5. d4 exd4 6. Nxd4 Bg7 7. Be3 Bd7 8. Nxc6 bxc6 9. Qd2 Nf6 10. f3 O-O 11. Bh6 Nxe4 12. Nxe4 Qh4+ 13. g3 Qxh6 14. Nf6+ Kh8 15. Qxh6 Bxh6 16. Nxd7 Rfe8+ 17. Kf2 Be3+ 18. Kg2 Kg7 19. Rhe1 Rad8 20. Ba6 Rxd7 21. Bb7 Rde7 22. Bxc6 Rb8 23. b3 Rb6 24. Bd5 c6 25. Bc4 d5 26. Bd3 a5 27. Re2 a4 28. Rae1 axb3 29. axb3 d4 30. Bc4 Ra7 31. f4 Ra2 32. Kf3 f5 33. Bd3 c5 34. h3 Kf6 35. Bc4 Ra7 36. Bd3 Rbb7 37. Bc4 Rg7 38. h4 h6 39. Bd3 g5 40. hxg5+ hxg5 41. fxg5+ Rxg5 42. Rh1 Rag7 43. Rh3 Ke5 44. Bc4 Kd6 45. Bd3 Ke5 46. Bc4 R7g6 47. Bd3 Kd6 48. Re1 Ke5 49. Re2 Rf6 50. Rg2 Kd6 51. Rgh2 Rg7 52. Rh7 Rxh7 53. Rxh7 Ke5 54. Rh5 Ke6 55. Rh3 1/2-1/2

[Event "Montreal CC-ch"]
[Site "Montreal CAN"]
[Date "2012.06.17"]
[Round "4"]
[White "Caceres Cortes, Julio"]
[Black "Leung, Chin"]
[Result "1/2-1/2"]
[WhiteElo "2018"]
[BlackElo "1712"]
[PlyCount "49"]
[GameId "2160767909509140"]
[EventDate "2012.06.15"]
[EventType "swiss"]
[EventRounds "5"]
[EventCountry "CAN"]
[SourceTitle "EXT 2022"]
[Source "ChessBase"]
[SourceDate "2021.10.06"]
[SourceVersion "1"]
[SourceVersionDate "2021.10.06"]
[SourceQuality "1"]

1. e4 c5 2. Nf3 d6 3. d4 cxd4 4. Nxd4 Nf6 5. Nc3 g6 6. f4 Bg7 7. Bb5+ Bd7 8. e5 Nh5 9. Qe2 Bxb5 10. Qxb5+ Nd7 11. Nf3 a6 12. Qe2 Qa5 13. g4 Nxf4 14. Bxf4 dxe5 15. Bd2 O-O 16. O-O-O Nc5 17. Kb1 Na4 18. Nxa4 Qxa4 19. Nxe5 Rac8 20. b3 Qd4 21. Bh6 Qxe5 22. Qxe5 Bxe5 23. Bxf8 Kxf8 24. Rd7 Rb8 25. Rd5 1/2-1/2